000 00620nam a2200205Ia 4500
005 20250508150657.0
008 008 250505s9999 xx 000 0 eng d
037 _aTextual
040 _aFEDL
_beng
_cFEDL
041 _aeng
_2eng
084 _a157.9, MAI
_qFEDL
100 _aMaier Norman R. F.
245 0 _aFrustration : The study of behavior without a goal
260 _aNew York, USA
_bMcGraw Hill Book Company
_c1949
300 _axiii,264p.
490 _aMcGraw - Hill Publications in psychology
650 _aAbnormal Psychology
942 _cTEXL
_h157.9, MAI
999 _c1324985
_d1324985